000
00369nam a2200169Ia 4500
003
0STCL
008
150530s9999 xx 000 0 und d
040
_a
STCL
_c
STCL
100
_a
Brockhampton; Ed
245
_a
Dictionary of literature
250
_a
First
260
_c
1952
546
_a
English
942
_2
ddc
_c
BK
999
_c
82812
_d
82812
005
20220125171827.0